000 00377 a2200157 4500
001 24762
020 _a9788565771078
040 _cAnchieta - São Paulo/Itaigara
100 _aAndrade, Carlos Drummond de
240 1 0 _aO homem que fazia chover
_lpor
245 1 0 _aO homem que fazia chover
300 _a123
362 0 _a2013
650 4 _aFicção brasileira
942 _cBK
999 _c24762
_d24762